| 000 | 00740cam a2200253 a 4500 | ||
|---|---|---|---|
| 001 | 000018128 | ||
| 005 | 20200929165351.0 | ||
| 008 | 750715s1969 sp 000 f spa d | ||
| 035 | _a(DLC) 77238688 | ||
| 035 | _a(OCoLC)1448732 | ||
| 040 |
_aDO-SdBNP _cGU _dOCoLC _dDLC |
||
| 042 | _apremarc | ||
| 082 |
_a863.6 _bB488m, 1970 |
||
| 100 | 1 |
_aBerenguer, Luis, _d1923-1979. _939282 |
|
| 245 | 1 | 0 |
_aMarea escorada / _cLuis Berenguer. |
| 260 |
_aMadrid : _bAlfaguara, _c1969. |
||
| 300 |
_a337 p. ; _c22 cm. |
||
| 490 | 1 |
_aAlfaguara literaria _v22 |
|
| 650 | 4 |
_aNovela española _91123 |
|
| 650 | 4 |
_aLiteratura española _ySIGLO XX _93326 |
|
| 830 | 0 |
_aAlfaguara literaria ; _v22 _96747 |
|
| 910 | _aCatalogación derivada | ||
| 049 | _aBNGR | ||
| 999 |
_c17649 _d17649 |
||